Escritos. (Record no. 81870)

MARC details
000 -LEADER
campo de control de longitud fija 00785nam a2200217 i 4500
001 - NÚMERO DE CONTROL
campo de control 81870
003 - IDENTIFICADOR DE NÚMERO DE CONTROL
campo de control ES-MaACL
005 - FECHA Y HORA DE LA ÚLTIMA TRANSACCIÓN
campo de control 20251202185828.0
007 - CAMPO FIJO DE DESCRIPCIÓN FÍSICA--INFORMACIÓN GENERAL
campo de control de longitud fija t|
008 - DATOS DE LONGITUD FIJA--INFORMACIÓN GENERAL
campo de control de longitud fija 041108s1975 sp |||| | spa d
100 1# - ENTRADA PRINCIPAL--NOMBRE DE PERSONA
Nombre de persona Iglesias, Pablo,
Fechas asociadas al nombre 1850-1925
9 (RLIN) 242571
245 10 - MENCIÓN DEL TÍTULO
Título Escritos.
Número de parte o sección de la obra 2,
Nombre de parte o sección de la obra El socialismo en España
Resto del título : escritos en la prensa socialista y liberal (1870-1925) /
Mención de responsabilidad, etc. Pablo Iglesias ; selección y estudio preliminar de Luis Arranz, Mercedes Cabrera, Antonio Elorza.
260 ## - PUBLICACIÓN, DISTRIBUCIÓN, ETC.
Lugar de publicación, distribución, etc. Madrid :
Nombre del editor, distribuidor, etc. Ayuso,
Fecha de publicación, distribución, etc. [1975]
300 ## - DESCRIPCIÓN FÍSICA
Extensión 464 p. ;
Dimensiones 21 cm.
650 ## - PUNTO DE ACCESO ADICIONAL DE MATERIA--TÉRMINO DE MATERIA
Término de materia o nombre geográfico como elemento de entrada Socialismo-
Subdivisión geográfica España.
9 (RLIN) 17155
700 1# - ENTRADA AGREGADA--NOMBRE PERSONAL
Nombre de persona Arranz, Luis.
9 (RLIN) 23215
700 1# - ENTRADA AGREGADA--NOMBRE PERSONAL
Nombre de persona Cabrera, Mercedes.
9 (RLIN) 33295
700 1# - ENTRADA AGREGADA--NOMBRE PERSONAL
Nombre de persona Elorza, Antonio,
Fechas asociadas al nombre 1943-
9 (RLIN) 47089
852 ## - LOCALIZACIÓN
Ubicación ES-MaACL
Número de control de estantería E-9766
Holdings
Estatus retirado Estado de pérdida Estado de daño No para préstamo Biblioteca de origen Biblioteca actual Ubicación en estantería Fecha de adquisición Fuente de adquisición Total de préstamos Signatura topográfica completa Código de barras Visto por última vez Fecha del último préstamo Precio de reemplazo Tipo de ítem Koha
        Biblioteca del Ateneo de Madrid Biblioteca del Ateneo de Madrid Depósito 2 17/01/2008   1 E-9766 1085572 19/03/2026 03/02/2026 23/02/2023 Libro impreso